| 000 | 01818nam2a22002291 4500 | ||
|---|---|---|---|
| 001 | rc\3713544 | ||
| 005 | 20250610063834.0 | ||
| 035 | _a(NLR Aleph) 007769865 | ||
| 090 |
_a7456755 _c7456755 |
||
| 100 | _a20130115d1972 |||y0rusy50 ca | ||
| 101 | 0 | _arus | |
| 102 | _aRU | ||
| 105 | _ay z ||||| | ||
| 200 | 1 |
_aБазисная номенклатура изделий _iОбщая часть _iКМС-П1 |
|
| 210 |
_d[1972] _aБ. м. |
||
| 215 |
_a71 с. _cграф. |
||
| 461 | 0 |
_1001rc\3713543 _12001#$aСистема типизации и унификации объемно-планировочных и конструктивных параметров панельных жилых домов$eКаталог унифицир. индустриальных изделий для стр-ва в г. Москве$eРед. 1972 г.$e[В 6 т.$eТ. 1-]$fГл. архит.-планировочное упр. г. Москвы. Моск. науч.-исслед. и проектный ин-т типового и эксперим. проектирования. МНИИТЭП$v[Т. 1] _97456745 _c[Москва _d1972] _fГл. архит.-планировочное упр. г. Москвы. Моск. науч.-исслед. и проектный ин-т типового и эксперим. проектирования. МНИИТЭП _nБ. и. _oКаталог унифицир. индустриальных изделий для стр-ва в г. Москве : Ред. 1972 г. : [В 6 т. : Т. 1-] _tСистема типизации и унификации объемно-планировочных и конструктивных параметров панельных жилых домов _v[Т. 1] |
|
| 801 | 0 |
_aRU _bNLR _gpsbo |
|
| 801 | 1 |
_aRU _bELAR _2rusmarc |
|
| 852 |
_aNLR _bСВТЛ |
||
| 942 | _cBOOK | ||
| 980 | _aNB | ||